| 000 | 00885nam a22002535i 4500 | ||
|---|---|---|---|
| 001 | 183287 | ||
| 003 | ES-MaACL | ||
| 005 | 20250808002012.0 | ||
| 008 | 140206s1995 sp | |||| ||spa d | ||
| 020 | _a84-7432-490-4 | ||
| 080 | _a316.647.5 | ||
| 100 | 1 |
_aFetscher, Iring. _950630 |
|
| 245 | 1 | 3 |
_aLa tolerancia _b: una pequeña virtud imprescindible para la democracia : panorama histórico y problemas actuales / _cpor Iring Fetscher ; [traducción, Nélida Machain]. |
| 250 | _a2ª ed. | ||
| 260 |
_aBarcelona : _bGedisa, _c1995. |
||
| 300 |
_a167 p. ; _c20 cm. |
||
| 490 | 1 | _aColección Hombre y sociedad. Serie Cla.de.ma | |
| 504 | _aBibliografía: p. 166-167. | ||
| 650 | 0 | 4 |
_aTolerancia. _917547 |
| 700 | 1 |
_aMachain, Nélida M. de. _975174 |
|
| 830 | 0 | 0 |
_aColección Hombre y sociedad _9182028 |
| 852 |
_aES-MaACL _jL-29988 |
||
| 999 |
_c183287 _d183287 |
||